CHARLAS DE CAFE : (Registro nro. 33376)
[ vista simple ]
| 000 -LEADER | |
|---|---|
| fixed length control field | 00515nam a2200193 a 4500 |
| 001 - CONTROL NUMBER | |
| control field | 33376 |
| 005 - DATE AND TIME OF LATEST TRANSACTION | |
| control field | 20180714001257.0 |
| 008 - FIXED-LENGTH DATA ELEMENTS--GENERAL INFORMATION | |
| fixed length control field | 140415s1982 000 0 spa d |
| 020 ## - INTERNATIONAL STANDARD BOOK NUMBER | |
| International Standard Book Number | 8423901874 |
| 041 ## - LANGUAGE CODE | |
| Language code of text/sound track or separate title | spa |
| 082 ## - DEWEY DECIMAL CLASSIFICATION NUMBER | |
| Classification number | 868 |
| Item number | RAN |
| 100 1# - MAIN ENTRY--PERSONAL NAME | |
| Personal name | RAMON Y CAJAL, S. |
| 245 10 - TITLE STATEMENT | |
| Title | CHARLAS DE CAFE : |
| Remainder of title | PENSAMIENTOS, ANECDOTAS Y CONFIDENCIAS |
| 250 ## - EDITION STATEMENT | |
| Edition statement | 11a ed. |
| 260 ## - PUBLICATION, DISTRIBUTION, ETC. | |
| Place of publication, distribution, etc. | [s.l.] : |
| Name of publisher, distributor, etc. | ESPASA-CALPE, |
| Date of publication, distribution, etc. | 1982 |
| 300 ## - PHYSICAL DESCRIPTION | |
| Extent | 275 |
| 490 ## - SERIES STATEMENT | |
| Series statement | AUSTRAL |
| Volume/sequential designation | 187 |
| 650 14 - SUBJECT ADDED ENTRY--TOPICAL TERM | |
| Topical term or geographic name entry element | ANECDOTAS |
| General subdivision | CONFERENCIAS |
| Withdrawn status | Lost status | Source of classification or shelving scheme | Damaged status | Not for loan | Collection code | Home library | Current library | Shelving location | Date acquired | Source of acquisition | Inventory number | Total Checkouts | Full call number | Barcode | Date last seen | Price effective from | Koha item type |
|---|---|---|---|---|---|---|---|---|---|---|---|---|---|---|---|---|---|
| Dewey Decimal Classification | General | Biblioteca Karol Wojtyla | Biblioteca Karol Wojtyla | Sala general | 03/12/2013 | Compra | 151000000000000000034792 | 868 RAN | 50904 | 05/01/2026 | 03/12/2013 | Libro |